| 000 | 00682nam a2200193 i 4500 | ||
|---|---|---|---|
| 001 | 19642 | ||
| 003 | ES-MaACL | ||
| 005 | 20230906152134.0 | ||
| 007 | t| | ||
| 008 | 021007s1949 sp ||||1| spa d | ||
| 100 | 1 |
_aAbellán Ayala, Alfonso, _918064 |
|
| 245 | 1 | 0 |
_aLeptospirosis _b: (linderos actuales y posibilidades diagnósticas) / _cpor Alfonso Abellán Ayala. |
| 260 |
_aBarcelona : _bBYP, _c1949 ( _fTalls. Gráfs. de Relieves Bas y Pagés) |
||
| 300 |
_a106 p. ; _c21 cm. |
||
| 490 | 1 | _aColección española de monografías médicas | |
| 830 | 0 |
_aColección española de monografías médicas _9181541 |
|
| 852 |
_aES-MaACL _jD-7877 _bR.29053 |
||
| 999 |
_c19642 _d19642 |
||